Online and marketing-based market design (Record no. 1678554)
[ view plain ]
| 000 -LEADER | |
|---|---|
| fixed length control field | 01229nam a2200217 4500 |
| 005 - DATE AND TIME OF LATEST TRANSACTION | |
| control field | 20260203111133.0 |
| 008 - FIXED-LENGTH DATA ELEMENTS--GENERAL INFORMATION | |
| fixed length control field | 260203b |||||||| |||| 00| 0 eng d |
| 020 ## - INTERNATIONAL STANDARD BOOK NUMBER | |
| International Standard Book Number | 9781108831994 |
| 037 ## - SOURCE OF ACQUISITION | |
| Terms of availability | Textual |
| 040 ## - CATALOGING SOURCE | |
| Original cataloging agency | RTL |
| Transcribing agency | RTL |
| 084 ## - COLON CLASSIFICATION NUMBER | |
| Assigning agency | RTL |
| 245 ## - TITLE STATEMENT | |
| Title | Online and marketing-based market design |
| 260 ## - PUBLICATION, DISTRIBUTION, ETC. | |
| Place of publication, distribution, etc. | New york |
| Name of publisher, distributor, etc. | Cambridge University Press |
| Date of publication, distribution, etc. | 2023 |
| 300 ## - PHYSICAL DESCRIPTION | |
| Extent | xxii, 697 p. |
| Other physical details | Includes bibliographical reference and index |
| 520 ## - SUMMARY, ETC. | |
| Summary, etc. | The rich, multi-faceted and multi-disciplinary field of matching-based market design is an active and important one due to its highly successful applications with economic and sociological impact. Its home is economics, but with intimate connections to algorithm design and operations research. With chapters contributed by over fifty top researchers from all three disciplines, this volume is unique in its breadth and depth, while still being a cohesive and unified picture of the field, suitable for the uninitiated as well as the expert. |
| 700 ## - ADDED ENTRY--PERSONAL NAME | |
| Personal name | Echenique, Federico |
| Relator term | Editor |
| 9 (RLIN) | 1113288 |
| 700 ## - ADDED ENTRY--PERSONAL NAME | |
| Personal name | Immorlica, Nicole |
| Relator term | Editor |
| 9 (RLIN) | 1113289 |
| 700 ## - ADDED ENTRY--PERSONAL NAME | |
| Personal name | Vazirani, Vijay V. |
| Relator term | Editor |
| 9 (RLIN) | 1113290 |
| 700 ## - ADDED ENTRY--PERSONAL NAME | |
| Personal name | Roth, Alvin E. |
| Relator term | Foreword |
| 9 (RLIN) | 1113291 |
| 942 ## - ADDED ENTRY ELEMENTS (KOHA) | |
| Source of classification or shelving scheme | Colon Classification (CC) |
| Suppress in OPAC | No |
| Koha item type | Textual |
No items available.
